书目信息 |
| 题名: |
陶瓷
|
|
| 作者: | 莱夫特瑞 著 ;顾濛 译 | |
| 分册: | ||
| 出版信息: | 上海 上海人民美术出版社 2004.07 |
|
| 页数: | 158页 | |
| 开本: | 26cm | |
| 丛书名: | 欧美工业设计五大材料顶尖创意 | |
| 单 册: | ||
| 中图分类: | TQ174.7-64 | |
| 科图分类: | ||
| 主题词: | 陶瓷--tao ci--工业产品--设计--世界--图集 | |
| 电子资源: | ||
| ISBN: | 7-5322-4020-7 | |
| 000 | 01457nam 2200349 450 | |
| 001 | 012008551391 | |
| 005 | 20080508094654.98 | |
| 010 | @a7-5322-4020-7@dCNY78.00 | |
| 100 | @a20080508d2004 em y0chiy0120 ea | |
| 101 | 1 | @achi@ceng |
| 102 | @aCN@b310000 | |
| 105 | @aa z 001yy | |
| 106 | @ar | |
| 200 | 1 | @a陶瓷@Atao ci@f(英) 克里斯·莱夫特瑞@F(ying)ke li si·lai fu te rui |
| 210 | @a上海@c上海人民美术出版社@d2004.07 | |
| 215 | @a158页@c图@d26cm | |
| 225 | 2 | @a欧美工业设计五大材料顶尖创意@Aou mei gong ye she ji wu da cai liao ding jian chuang yi |
| 306 | @a本书经由RotoVision出版公司授权,由上海人民美术出版社独家出版。 | |
| 308 | @a封面题:欧美工业设计5大材料顶尖创意 | |
| 312 | @a英文并列题名取自封面 | |
| 314 | @a译者取自版权页; 克里斯·莱夫特瑞,男,于1992年取得皇家艺术学院的工业设计硕士学位,从此便开始在伦敦进行产品包装、家具和产品设计。也是伦敦圣马丁艺术设计学院的讲师。 | |
| 320 | @a有索引 | |
| 330 | @a本书是一部有关工业设计的著作。主要内容包括:现金陶瓷,陶瓷制品,传统陶瓷,陶瓷生产,半成型陶瓷,陶瓷修饰,陶瓷工艺,陶瓷术语等。 | |
| 333 | @a工业设计研究者、相关专业师生及普通读者。 | |
| 410 | 0 | @12001 @a欧美工业设计五大材料顶尖创意 |
| 500 | 10 | @aCeramics@mChinese |
| 606 | 0 | @a陶瓷@Atao ci@x工业产品@x设计@y世界@j图集 |
| 690 | @aTQ174.7-64@v4 | |
| 701 | 1 | @a莱夫特瑞@Alai fu te rui@g(Lefteri, C.)@4著 |
| 702 | 0 | @a顾濛@4译@Agu meng |
| 801 | 0 | @aCN@bQSSK@c20080508 |
| 905 | @b706058@dTQ174.7-64@eL026@f1 | |
| 陶瓷/(英) 克里斯·莱夫特瑞.-上海:上海人民美术出版社,2004.07 |
| 158页:图;26cm.-(欧美工业设计五大材料顶尖创意) |
| 使用对象:工业设计研究者、相关专业师生及普通读者。 |
| ISBN 7-5322-4020-7:CNY78.00 |
| 本书是一部有关工业设计的著作。主要内容包括:现金陶瓷,陶瓷制品,传统陶瓷,陶瓷生产,半成型陶瓷,陶瓷修饰,陶瓷工艺,陶瓷术语等。 |
| ● |
| 相关链接 |
|
|
|
正题名:陶瓷
索取号:TQ174.7-64/L026
 
预约/预借
| 序号 | 登录号 | 条形码 | 馆藏地/架位号 | 状态 | 备注 |
| 1 | 706058 | 207060589 | 自科库501/501自科库 139排9列5层/ [索取号:TQ174.7-64/L026] | 在馆 |